La Hisenda local a la Unió Europea (UE-15) / Núria Bosch, Marta Espasa
ISBN:
84-9803-149-4
Descripción Física:
309 p. : quadres ; 24 cm
Colección:
Món local ; 18
Otros Autores:
Espasa Queralt, Marta
MARC
| LEADER | 00000nam a2200000Ia 4500 | ||
|---|---|---|---|
| 001 | 18251 | ||
| 008 | 160829s2006 xx 000 0 cat d | ||
| 020 | |a 84-9803-149-4 | ||
| 080 | |a M-5-275 | ||
| 100 | |a Bosch Roca, Núria |9 44638 | ||
| 245 | |a La Hisenda local a la Unió Europea (UE-15) / Núria Bosch, Marta Espasa | ||
| 260 | |a Barcelona : |b Diputació de Barcelona, |c 2006 | ||
| 300 | |a 309 p. : |b quadres ; |c 24 cm | ||
| 490 | |a Món local ; 18 | ||
| 590 | |a A la portada: Finançament | ||
| 650 | 0 | |a Finances locals |9 23120 | |
| 650 | 0 | |a Dret comparat |9 23121 | |
| 650 | |a Unió Europea |9 9344 | ||
| 700 | 1 | |a Espasa Queralt, Marta |9 39460 | |
| 710 | 1 | |a Barcelona (Catalunya : Província). |b Diputació |9 52408 | |
| 901 | |a Arxiu | ||
| 942 | |n 1 | ||
| 952 | |0 0 |1 0 |4 0 |6 M5275 |7 1 |9 42540 |a Arxiu |b Arxiu |d 2016-12-01 |l 0 |o M-5-275 |p 18251 |r 2016-12-01 00:00:00 |w 2016-12-01 |y ARXIU | ||
| 999 | |c 45045 |d 45045 | ||